[Event "IECC CL8-2002.12"]
[Site "IECC email"]
[Date "2002.12.06"]
[Round "?"]
[White "Thornley, Martin"]
[Black "Crowley, Michael"]
[Result "1-0"]
[WhiteElo "1038"]
[BlackElo "941"]
[PlyCount "89"]
[EventDate "2002.??.??"]
[EventType "tourn (corr)"]
[EventRounds "4"]
[SourceTitle "Corr 2008"]
[Source "ChessBase"]
[SourceDate "2008.06.24"]
[SourceVersion "1"]
[SourceVersionDate "2008.06.24"]
[SourceQuality "1"]

1. e4 e5 2. f4 Nc6 3. Nf3 Bc5 4. fxe5 Nge7 5. d4 Bb4+ 6. Bd2 d6 7. exd6 cxd6 8. d5 Bc5 9. dxc6 Nxc6 10. Nc3 Bg4 11. Bb5 Qh4+ 12. Nxh4 Bxd1 13. Rxd1 0-0 14. Bxc6 bxc6 15. Bf4 Rab8 16. b3 Bb4 17. Rd3 Rfe8 18. Kf2 Bc5+ 19. Be3 Bb4 20. Bxa7 Ra8 21. Be3 Re5 22. Nf5 d5 23. Bd4 Re6 24. exd5 cxd5 25. Nxd5 Bf8 26. Nc7 Rc8 27. Nxe6 Rxc2+ 28. Kf3 fxe6 29. Bxg7 Bxg7 30. Nxg7 Kxg7 31. Re1 Kf6 32. a4 h5 33. Ra1 Kf5 34. a5 e5 35. Re3 e4+ 36. Rxe4 Rc3+ 37. Re3 Rc2 38. a6 h4 39. a7 h3 40. gxh3 Rxh2 41. Kg3 Rc2 42. a8Q Rc7 43. Qd5+ Kf6 44. Qd6+ Kf7 45. Qxc7+ 1-0